000 00681 a2200229 4500
003 Nust
005 20230128085603.0
010 _a 2007011537
020 _a8122902553
040 _cNust
082 0 0 _a823.91421,ACH
100 1 _aAchebe, Chinua.
_972287
245 1 0 _aThings fall apart /
_cChinua Achebe
260 _aLodi, NJ :
_bEverbind Anthologies,
_c2007.
300 _a283 p. ;
_c22 cm.
538 _aAlmirah No.59 Shelf No.1
650 0 _aIgbo (African people)
_9107969
650 0 _aMen
_zNigeria
_9107970
651 0 _aNigeria
_xRace relations
_9107971
856 4 1 _3Table of contents only
_uhttp://www.loc.gov/catdir/toc/ecip0713/2007011537.html
942 _2ddc
_cBK
999 _c185928
_d185928